Who Brews The Belgian Style Ale? Quiz Stats

Quiz not verified by Sporcle

Challenge
Share
Tweet
Embed
Score 0/20 Timer 05:00
0 Plays Today
% Correct
Coors
81.3%
Brouwerij Van Steenberge
75%
Anheuser-Busch
68.8%
Goose Island
68.8%
Green Flash
68.8%
Lagunitas
68.8%
Unibroue
68.8%
Unibroue
68.8%
Dogfish Head
62.5%
Russian River
62.5%
% Correct
Brooklyn
56.3%
North Coast
56.3%
Allagash
50%
Avery
50%
Ommegang
50%
AleSmith
37.5%
Tröegs
37.5%
Weyerbacher
37.5%
Allagash
25%
Lost Abbey
12.5%

You're not logged in!

Compare scores with friends on all Sporcle quizzes.
Sign Up with Email
OR
Log In

You Might Also Like...

Show Comments

Extras

Top Quizzes Today


Score Distribution

Your Account Isn't Verified!

In order to create a playlist on Sporcle, you need to verify the email address you used during registration. Go to your Sporcle Settings to finish the process.

Report this User

Report this user for behavior that violates our Community Guidelines.

Details: